MARC details
| 000 -CABECERA |
| campo de control de longitud fija |
01321nam a2200289 a 4500 |
| 001 - NÚMERO DE CONTROL |
| campo de control |
000022214 |
| 005 - FECHA Y HORA DE LA ÚLTIMA TRANSACCIÓN |
| campo de control |
20200930011632.0 |
| 008 - DATOS DE LONGITUD FIJA--INFORMACIÓN GENERAL |
| campo de control de longitud fija |
100920s2000 dr c 000 0 spa d |
| 020 ## - NÚMERO INTERNACIONAL ESTÁNDAR DEL LIBRO |
| Número Internacional Estándar del Libro |
9993435082 |
| 040 ## - FUENTE DE LA CATALOGACIÓN |
| Centro catalogador/agencia de origen |
DO-SdBNP |
| Lengua de catalogación |
spa |
| Centro/agencia transcriptor |
BNPHU |
| 082 ## - NÚMERO DE LA CLASIFICACIÓN DECIMAL DEWEY |
| Número de clasificación |
324.65 |
| Número de documento/Ítem |
S471v |
| 049 ## - FONDOS LOCALES (OCLC) |
| Fondos de biblioteca |
BNPD |
| 111 2# - ENTRADA PRINCIPAL--NOMBRE DE CONGRESO/REUNIÓN |
| Nombre de congreso/reunión o jurisdicción como elemento de entrada |
Seminario el Voto de los Dominicanos en el Exterior |
| Fecha del congreso/reunión |
(2000 : |
| Sede del congreso/Lugar de la reunión |
Santo Domingo) |
| 9 (RLIN) |
45942 |
| 245 13 - MENCIÓN DE TÍTULO |
| Título |
El voto de los dominicanos en el exterior / |
| Mención de responsabilidad, etc. |
presentación Onofre Rojas. |
| 260 ## - PUBLICACIÓN, DISTRIBUCIÓN, ETC. |
| Lugar de publicación, distribución, etc. |
Santo Domingo : |
| Nombre del editor, distribuidor, etc. |
Comisión Presidencial para la Reforma y Modernización del Estado, |
| Fecha de publicación, distribución, etc. |
2000. |
| 300 ## - DESCRIPCIÓN FÍSICA |
| Extensión |
133 p. : |
| Otras características físicas |
retrs. ; |
| Dimensiones |
23 cm. |
| 490 1# - MENCIÓN DE SERIE |
| Mención de serie |
Reforma política |
| 490 1# - MENCIÓN DE SERIE |
| Mención de serie |
Seminarios |
| Designación de volumen o secuencia |
2 |
| 500 ## - NOTA GENERAL |
| Nota general |
Incluye referencias bibliográficas y notas al pie de páginas |
| 500 ## - NOTA GENERAL |
| Nota general |
Seminario organizado por la Junta Central Electoral, Secretaria de Estado de Relaciones Exteriores, Comisión Presidencial para la Reforma y Modernización del Estado el viernes 18 de febrero del año 2000 |
| 650 #4 - PUNTO DE ACCESO ADICIONAL DE MATERIA--TÉRMINO DE MATERIA |
| Término de materia o nombre geográfico como elemento de entrada |
Sufragio |
| Subdivisión geográfica |
República Dominicana |
| Subdivisión general |
Congresos, congresos, etc. |
| 9 (RLIN) |
45943 |
| 650 #4 - PUNTO DE ACCESO ADICIONAL DE MATERIA--TÉRMINO DE MATERIA |
| Término de materia o nombre geográfico como elemento de entrada |
Elecciones |
| Subdivisión geográfica |
República Dominicana |
| Subdivisión general |
Congresos, conferencias, etc. |
| 9 (RLIN) |
39149 |
| 700 12 - PUNTO DE ACCESO ADICIONAL--NOMBRE DE PERSONA |
| Nombre de persona |
Rojas, Onofre |
| Término indicativo de función/relación |
pres. |
| 9 (RLIN) |
31119 |
| 830 #0 - PUNTO DE ACCESO ADICIONAL DE SERIE-TÍTULO UNIFORME |
| Título uniforme |
Reforma política |
| 9 (RLIN) |
45944 |
| 830 #0 - PUNTO DE ACCESO ADICIONAL DE SERIE-TÍTULO UNIFORME |
| Título uniforme |
Seminarios |
| Número de parte o sección de la obra |
2 |
| 9 (RLIN) |
36530 |
| 910 ## - DATOS DE OPCIÓN DEL USUARIO (OCLC) |
| Datos de opción del usuario |
Validado. Control de calidad MFF |